00000000nam##2200000za#4500
0019.612510
003CaOODSP
00520200706133843
007ta
008150406|1995||||xxc|||||     f|0| 0 eng|d
020 |a0-662-21718-7
022 |a1200-5223
040 |aCaOODSP|beng
043 |an-cn---
0861 |aCS11-0019/67E
24500|aXEcon: an experimental/evolutionary model of economic growth / |cby Michael C. Wolfson.
260 |aOttawa - Ontario : |bStatistics Canada. |c1995.
300 |a24p. : |bfigs., references ; |c28 cm.
4901 |aResearch paper series|x1200-5223|vNo. 67
500 |a"This paper provides a brief sketch of a new microsimulation model, XEcon, under development at Statistics Canada. Since XEcon is a work in progress, there are no results to report."--Introduction.
5203 |aThis paper provides a brief sketch of a new microsimulation model, XEcon, under development at Statistics Canada. Since XEcon is a work in progress, there are no results to report.--Introduction
563 |aSoftcover
590 |a95-34|b1995-08-25
69007|aEconomic analysis|2gcpds
7102 |aStatistics Canada. |bAnalytical Studies Branch.
7201 |aWolfson, Michael C.
77508|tXEcon: un modèle évolutif expérimentale croissance économique / |w(CaOODSP)9.623480
7760#|tXEcon : |w(CaOODSP)9.574549
830#0|aResearch paper series,|x1200-5223|vNo. 67|w(CaOODSP)9.514463